00920nam a2200217 a 450000100100000000500170001000800410002702000150006804000250008308200160010810000350012424500690015926000450022830000210027350400280029404900090032295201200033195201140045195201200056599900170068500002232920200930011705.0100927s2003 dr 001 0 spa d a9993449121 aDO-SdBNPbspacBNPHU axxxxbG633j1 aGómez Ricout, Rafaela94608814aLos juicios de Dios y su misericordia /cRafaela Gómez Ricout. aSanto Domingo :bEditorial Gente,c2003. a141 p. ;c21 cm. aBibliografía : p. 141 aBNPD 0010718DSaGRbGRcCTd2011-01-13iLF1l0oxxxx G633jp22329-30r2020-06-25te. 3w2020-06-25yLFDSZNo se presta 0010718PDaPDbPDcCTd2010-09-27iLF1l0oxxxx G633jp22329-10r2020-06-25w2020-06-25yLFPDZNo se presta 0010718PDaPDbPDcCTd2010-09-27iLF1l0oxxxx G633jp22329-20r2020-06-25te. 2w2020-06-25yLFPDZNo se presta c21827d21827